[Event "Gibraltar Challengers A 2020"]
[Site "Caleta"]
[Date "2020.01.21"]
[Round "3.19"]
[White "Longa Yauca, Javier"]
[Black "Herzwurm, Robert"]
[Result "1-0"]
[WhiteElo "2154"]
[BlackElo "1979"]
[Annotator "TA"]
[PlyCount "103"]
[EventDate "2020.01.20"]
[EventType "swiss"]
[EventCountry "GGB"]
[SourceTitle "playchess.com"]
[Source "ChessBase"]
[SourceQuality "1"]

{[%evp 19,103,26,37,7,2,2,0,0,17,0,0,0,13,21,6,-13,0,-1,0,0,4,0,0,0,20,13,35,26,36,19,40,27,27,24,27,28,33,0,29,12,46,47,69,75,84,16,16,-24,-33,-30,-41,-77,-59,-91,-75,-82,-89,-68,0,-8,-6,-12,590,577,571,591,587,574,595,570,572,523,502,445,716,702,726,739,889,885,927,736,1812,1716,1639,1613]} 1. d4 Nf6 2. c4 g6 3. Nc3 Bg7 4. e4 d6 5. Nf3 O-O 6. Be2 e5 7. d5 a5 8. O-O Na6 9. Be3 Ng4 10. Bg5 f6 11. Bd2 {E92: King's Indian: Classical: 6 Be2 e5: 7 dxe5, 7 Be3 and Petrosian System without 7...Nbd7} (11. Bh4 Nh6 12. Ne1 g5 13. Bg3 f5 14. f3 Nc5 15. Bf2 f4 16. a3 a4 17. Bxc5 dxc5 18. Nxa4 b6 {½-½ (42) Fedoseev,V (2668)-Kuderinov,K (2452) Moscow 2015}) 11... f5 12. Ng5 Nf6 13. exf5 {The position is equal.} gxf5 14. f4 Nc5 15. Be3 $146 {[#] Threatens to win with fxe5.} ({Predecessor:} 15. fxe5 dxe5 16. Be3 Qe7 17. Kh1 h6 18. Bxc5 Qxc5 {1-0 (97) Dolezal,C (2392)-Della Morte,G (2366) Buenos Aires 2019}) 15... Nfe4 16. Ncxe4 Nxe4 17. Nf3 (17. Nxe4 {keeps more tension.} fxe4 18. f5 Bxf5 19. c5 Bg6 20. Rxf8+ Bxf8 21. cxd6 Bxd6 22. Bg4) 17... Qe7 18. Qc2 b6 19. Rae1 Bd7 20. b3 Rae8 21. g3 Nf6 22. Nh4 e4 23. Bd4 Qf7 24. Qc3 h5 25. Ng2 Kh7 26. h3 Rg8 27. Kh2 Ref8 28. Ne3 Qg6 {Strongly threatening ...Nxd5!} 29. Rg1 Bh6 30. Bxf6 Rxf6 31. Bxh5 $1 Qg7 32. h4 (32. Ref1 $16) 32... Qe7 $11 33. Ref1 Bg7 {White must now prevent ...Rh6.} 34. Qe1 Rh6 35. Bd1 Bf6 {[%cal Rf6h4][%mdl 1024] aiming for ...Bxh4! Black has strong compensation.} 36. h5 Qg7 37. Rg2 Bd4 38. Rh1 Be8 (38... Bc5 $15) 39. Kg1 Bc5 {next ...Qd4 is good for Black.} 40. Kf1 $1 Qd4 $2 {[%mdl 8192]} (40... Qf6 $11 {and Black has nothing to worry.}) 41. Nxf5 $18 {[%mdl 64] [#] Double Attack. White is clearly winning.} Qd3+ 42. Be2 Qc2 43. Nxh6 Kxh6 44. g4 Rf8 45. f5 Kh7 46. Rh3 {Hoping for Bd3!} Qb2 (46... Bb4 $142) 47. Bf3 Qe5 48. Bxe4 Bb4 49. Qb1 Bc5 50. Rf3 Bd7 51. f6+ Kh8 52. g5 {Accuracy: White = 46%, Black = 41%.} 1-0

[Event "Gibraltar Challengers A 2020"]
[Site "Caleta"]
[Date "2020.01.21"]
[Round "3.20"]
[White "Skutta, Bernd"]
[Black "Lipecki, Alexander"]
[Result "0-1"]
[WhiteElo "1998"]
[BlackElo "2152"]
[Annotator "TA"]
[PlyCount "100"]
[EventDate "2020.01.20"]
[EventType "swiss"]
[EventCountry "GGB"]
[SourceTitle "playchess.com"]
[Source "ChessBase"]
[SourceQuality "1"]

{[%evp 9,100,0,2,0,10,0,6,-9,0,0,4,0,23,9,6,0,0,-31,0,0,0,0,0,-8,-8,-18,-14,-25,-18,-18,-18,-18,-17,-25,-18,-17,-16,-33,-31,-43,-41,-53,-39,-69,-69,-75,-71,-70,-75,-102,-102,-102,-100,-95,-90,-92,-88,-110,-90,-184,-93,-231,-89,-74,-88,-175,-177,-181,-163,-139,-88,-107,-88,-250,-187,-375,-360,-410,-408,-547,-448,-537,-529,-444,-435,-4112,-2922,-5106,-4779,-1644,-806,-4775,-4775]} 1. d4 d5 2. Bf4 Nf6 3. e3 e6 4. Nd2 Be7 5. h3 (5. c3 O-O 6. Bd3 c5 7. Ngf3 Nc6 8. Ne5 Nd7 9. Qh5 f5 10. Nxd7 Bxd7 11. h4 b5 12. a3 a5 13. dxc5 e5 14. Bg5 Be8 15. Bxe7 Qxe7 16. Qg5 Qe6 {0-1 (30) Kamsky,G (2675)-Alekseenko,K (2635) St Petersburg 2018}) 5... c5 $146 ({Predecessor:} 5... O-O 6. Ngf3 b6 7. Bd3 Bb7 8. O-O Nbd7 9. Ne5 Ne4 10. f3 Nxd2 11. Qxd2 Nxe5 12. Bxe5 Bd6 13. f4 f6 14. Bxd6 Qxd6 15. c3 e5 16. Qf2 e4 {½-½ (42) Ernst,M (2184)-Robertson,I (2045) Rhodes 2019}) 6. dxc5 {D00: 1 d4 d5: Unusual lines} Bxc5 7. Ngf3 Nc6 8. Bb5 {The position is equal.} Qb6 9. c4 O-O 10. O-O a6 11. Bxc6 bxc6 12. Qc2 Be7 13. c5 Qxc5 14. Qxc5 Bxc5 15. Rfc1 Bb4 16. Rxc6 Bd7 17. Rc7 Rfc8 18. Rac1 Ne8 19. Rxc8 Rxc8 20. Rxc8 Bxc8 21. Nb3 f6 22. Bb8 e5 23. a3 Bf8 24. Kf1 Kf7 25. Na5 Ke6 (25... Bc5 {looks sharper.} 26. Nd2 Bd7 27. Ke1 Bb6 28. b4 Bb5) 26. b4 Nd6 27. Bxd6 $1 Bxd6 $15 {[%mdl 4096] Endgame KBB-KNN} 28. Ke1 g5 29. g3 Bc7 30. Nb3 Kd6 31. h4 h6 32. hxg5 fxg5 33. Nfd2 Kc6 34. Nc5 {[#]} (34. e4 $17) 34... a5 (34... e4 $1 $19 35. Ncb3 Kb5) 35. Nd3 (35. e4 $17) 35... axb4 (35... e4 $19 {and Black stays clearly on top.} 36. Nc1 axb4 37. axb4 Kb5) 36. Nxb4+ $17 Kd6 37. f4 (37. e4 $17 {was called for.}) 37... exf4 $19 38. exf4 gxf4 39. gxf4 Ba5 (39... Bb6 $142 40. Nf3 h5) 40. Kf2 $17 h5 41. Ke3 $2 (41. Nf3 $17) 41... Bg4 42. Nf1 $2 (42. Kf2) 42... Bb6+ $19 43. Kd3 h4 44. Nh2 Bh5 {Black is clearly winning.} 45. Nc2 Bg1 46. Nf1 Be8 {[#] Strongly threatening ...Bb5+.} 47. Nce3 (47. Nd4 $142 h3 48. Kc3) 47... Bb5+ 48. Kd2 d4 49. Nf5+ Kd5 (49... Ke6 $142 50. Nxh4 Bxf1) 50. Nxh4 Bxf1 {Accuracy: White = 23%, Black = 55%.} 0-1

[Event "Gibraltar Challengers A 2020"]
[Site "Caleta"]
[Date "2020.01.21"]
[Round "3.21"]
[White "Paul, Nathanael"]
[Black "Voiteanu, Gabriel"]
[Result "1/2-1/2"]
[WhiteElo "1987"]
[BlackElo "2133"]
[Annotator "TA"]
[PlyCount "106"]
[EventDate "2020.01.20"]
[EventType "swiss"]
[EventCountry "GGB"]
[SourceTitle "playchess.com"]
[Source "ChessBase"]
[SourceQuality "1"]

{[%evp 11,106,0,0,0,0,0,6,5,17,6,0,-14,0,0,8,9,4,14,17,0,14,12,16,0,46,45,45,40,147,147,125,129,140,130,142,110,117,104,104,104,104,104,104,104,104,104,99,85,68,68,74,68,68,68,74,89,200,189,150,107,107,11,18,0,0,0,0,0,0,0,45,45,45,0,0,0,0,0,0,0,0,0,0,0,0,0,0,0,0,0,0,0,0,0,0,0,0]} 1. d4 Nf6 2. Bf4 d5 3. e3 c5 4. c3 Nc6 5. Nd2 Bf5 6. Ngf3 e6 7. Bb5 {D00: 1 d4 d5: Unusual lines} (7. Be2 Bd6 8. dxc5 Bxc5 9. Nd4 Bg6 10. Qa4 O-O 11. Nxc6 bxc6 12. Qxc6 Rc8 13. Qa4 Re8 14. O-O e5 {0-1 (57) Le,Q (2737)-Ding,L (2777) Riadh 2017}) 7... Qb6 8. Qa4 a6 9. Bxc6+ bxc6 10. dxc5 Bxc5 11. b4 $146 ({Predecessor:} 11. Nd4 O-O 12. Nxf5 exf5 13. Nb3 Ne4 14. O-O Bd6 {½-½ (27) Kindermann,S (2509)-Bluebaum,M (2642) Germany 2017}) 11... Be7 12. Nd4 Rc8 13. Nxf5 exf5 14. O-O O-O 15. Be5 Ne4 16. Nxe4 fxe4 17. Bd4 Qb5 18. Qxb5 axb5 19. a4 Ra8 ({Black should try} 19... bxa4 $14 20. Rxa4 f6) 20. axb5 $16 cxb5 21. Ra5 Rxa5 22. bxa5 {[%mdl 4096] Endgame KRB-KRB} Ra8 23. Bb6 Bd8 24. Rb1 Bxb6 25. axb6 {KR-KR} Kf8 26. b7 Rb8 27. Rxb5 Ke7 28. Rxd5 Rxb7 {[#] ( -> ...Rb1+)} 29. h4 Ke6 30. Rd4 f5 31. Kh2 Rc7 32. c4 Ke5 33. Kg3 Rc6 (33... g6 $16 {is a better defense.}) 34. Rd5+ $18 Ke6 35. Kf4 {Strongly threatening Re5+.} g6 {[#]} 36. Re5+ ({White should play} 36. Rd4 $1 $16) 36... Kf6 $11 37. c5 h6 $1 {...g5+ is the strong threat.} 38. Rd5 {Hoping for g4.} g5+ $1 39. Kg3 Ke6 40. Rd8 Kf6 41. Rf8+ Ke5 42. hxg5 hxg5 {The position is equal.} 43. Rg8 Kf6 44. Rb8 {And now Rb6 would win.} Rxc5 45. Rb6+ Kg7 46. f3 Rc3 47. Rb5 Kg6 48. Rb6+ Kh5 49. Rf6 exf3 50. gxf3 Rc5 51. Re6 Ra5 52. Rb6 Re5 53. Rf6 Ra5 {Accuracy: White = 64%, Black = 55%.} 1/2-1/2

[Event "Gibraltar Challengers A 2020"]
[Site "Caleta"]
[Date "2020.01.21"]
[Round "3.22"]
[White "Manukonda Arun"]
[Black "Ruperez, Miguel"]
[Result "0-1"]
[WhiteElo "1959"]
[BlackElo "2126"]
[Annotator "ChessBase"]
[PlyCount "50"]
[EventDate "2020.01.20"]
[EventType "swiss"]
[EventCountry "GGB"]
[SourceTitle "playchess.com"]
[Source "ChessBase"]
[SourceQuality "1"]
[TimeControl "6600+10"]

1. d4 {[%emt 0:02:53]} Nf6 {[%emt 0:00:27]} 2. c4 {[%emt 0:00:00]} e6 {[%emt 0:00:46]} 3. Nc3 {[%emt 0:00:17]} Bb4 {[%emt 0:01:09]} 4. Qc2 {[%emt 0:00:01]} d6 {[%emt 0:00:23]} 5. Nf3 {[%emt 0:00:11]} Nbd7 {[%emt 0:01:17]} 6. g3 {[%emt 0:00:52]} b6 {[%emt 0:05:21]} 7. Bg2 {[%emt 0:00:13]} Bb7 {[%emt 0:00:07]} 8. O-O {[%emt 0:00:07]} Bxc3 {[%emt 0:00:09]} 9. Qxc3 {[%emt 0:01:46]} O-O {[%emt 0:02:36]} 10. b3 {[%emt 0:18:02]} Qe7 {[%emt 0:09:16]} 11. Bb2 {[%emt 0:01:33]} Ne4 {[%emt 0:06:17]} 12. Qc2 {[%emt 0:00:35]} f5 {[%emt 0:02:48]} 13. Nd2 {[%emt 0:04:01]} Nxd2 {[%emt 0:07:27]} 14. Qxd2 {[%emt 0:02:08]} Bxg2 {[%emt 0:00:30]} 15. Kxg2 {[%emt 0:00:01]} f4 {[%emt 0:03:43]} 16. f3 {[%emt 0:03:24]} Qg5 {[%emt 0:21:18]} 17. Rae1 {[%emt 0:01:47]} Rf6 {[%emt 0:04:02]} 18. e3 {[%emt 0:02:58]} fxg3 {[%emt 0:02:03]} 19. hxg3 {[%emt 0:00:12]} Rg6 {[%emt 0:01:43]} 20. Qf2 {[%emt 0:00:57]} Nf6 {[%emt 0:02:55]} 21. f4 {[%emt 0:06:27]} Qf5 {[%emt 0:02:06]} 22. Qe2 {[%emt 0:18:48]} Ne4 {[%emt 0:05:50]} 23. Rf3 {[%emt 0:00:08]} Qg4 {[%emt 0:01:11]} 24. Kg1 {[%emt 0:07:04]} Nxg3 {[%emt 0:00:58]} 25. Qg2 {[%emt 0:00:04]} Qh4 {[%emt 0:01:09]} 0-1

[Event "Gibraltar Challengers A 2020"]
[Site "Caleta"]
[Date "2020.01.21"]
[Round "3.23"]
[White "Vila Dupla, Aurelio"]
[Black "Gostelow, David W"]
[Result "1-0"]
[WhiteElo "2092"]
[BlackElo "1901"]
[Annotator "NA RC"]
[PlyCount "107"]
[EventDate "2020.01.20"]
[EventType "swiss"]
[EventCountry "GGB"]
[SourceTitle "playchess.com"]
[Source "ChessBase"]
[SourceQuality "1"]
[TimeControl "6600+10"]

1. Nf3 {[%emt 0:00:00]} d5 {[%emt 0:05:38]} 2. d4 {[%emt 0:00:08]} Nf6 {[%emt 0:00:19]} 3. c4 {[%emt 0:00:18]} c6 {[%emt 0:00:03]} 4. Nc3 {[%emt 0:01:02]} e6 {[%emt 0:00:31]} 5. Qb3 {[%emt 0:05:12]} Nbd7 {[%emt 0:05:35]} 6. Bg5 {[%emt 0:02:44]} Be7 {[%emt 0:02:01]} 7. e3 {[%emt 0:00:53]} O-O {[%emt 0:00:31]} 8. Bd3 {[%emt 0:00:15]} h6 {[%emt 0:00:22] D60: Queen's Gambit Declined: Classical: Unusual White 7th moves} 9. Bf4 {[%emt 0:01:36]} Nh5 $146 {[%emt 0:06:25]} ({Predecessor:} 9... dxc4 10. Qxc4 Nd5 11. Bg3 Nb4 12. Bb1 b6 13. Qb3 Ba6 14. Qd1 c5 15. a3 Nd5 16. Nxd5 exd5 {½-½ (49) Roiz,M (2614)-Aaron,D (2322) Las Vegas 2013}) 10. Bg3 {[%emt 0:08:39]} Nxg3 {[%emt 0:10:34]} 11. hxg3 {[%emt 0:00:02]} f5 {[%emt 0:00:43]} 12. cxd5 {[%emt 0:01:25]} cxd5 {[%emt 0:04:10]} 13. Rc1 {[%emt 0:14:50]} a6 {[%emt 0:08:28]} 14. Nh4 {[%emt 0:06:39]} Bxh4 {[%emt 0:11:12]} 15. Rxh4 {[%emt 0:00:13]} Qb6 {[%emt 0:01:28]} 16. Na4 {[%emt 0:13:05]} Qxb3 17. axb3 {[%emt 0:00:01]} b5 {[%emt 0:08:20]} 18. Nc5 {[%emt 0:00:01]} Nxc5 {[%emt 0:02:09]} 19. Rxc5 {[%emt 0:00:09]} Bd7 {[%emt 0:01:38]} 20. Kd2 {[%emt 0:03:36]} Rfc8 {[%emt 0:02:06]} 21. Rxc8+ {[%emt 0:01:01]} Rxc8 {[%emt 0:00:06]} 22. Rh1 {[%emt 0:01:07]} Kf7 {[%emt 0:01:06]} 23. Be2 {[%emt 0:03:59]} Kf6 {[%emt 0:06:06]} 24. g4 {[%emt 0:02:06]} Rc7 {[%emt 0:08:53]} 25. Ra1 {[%emt 0:01:32]} Bc8 {[%emt 0:00:41]} 26. Bf3 {[%emt 0:02:22]} Bb7 {[%emt 0:00:31]} 27. Kd3 {[%emt 0:02:26]} Rc8 {[%emt 0:00:28]} 28. g3 {[%emt 0:02:39]} Rc7 {[%emt 0:00:29]} 29. Be2 {[%emt 0:00:52]} Rc8 {[%emt 0:00:32]} 30. Kd2 {[%emt 0:00:10]} Rc7 {[%emt 0:00:16]} 31. Rh1 {[%emt 0:00:56]} Rc8 {[%emt 0:00:46]} 32. Rh5 {[%emt 0:02:06]} Rc7 {[%emt 0:01:30]} 33. gxf5 {[%emt 0:01:06]} exf5 {[%emt 0:00:06]} 34. Bd3 {[%emt 0:00:29]} Bc8 {[%emt 0:00:16]} 35. g4 {[%emt 0:00:27]} fxg4 {[%emt 0:11:17]} 36. Rxd5 {[%emt 0:00:13]} Ke6 {[%emt 0:01:34]} (36... Ke7 $11 {keeps the balance.}) 37. e4 {[%emt 0:02:53]} Rf7 {[%emt 0:01:07]} 38. Ke3 {[%emt 0:07:12]} Bb7 {[%emt 0:00:08]} 39. Re5+ {[%emt 0:00:06]} Kd6 {[%emt 0:00:18]} 40. Be2 {[%emt 0:00:05]} Bc8 {[%emt 0:00:36]} 41. Re8 {[%emt 0:00:56]} Rc7 {[%emt 0:01:03]} 42. e5+ {[%emt 0:00:33]} Kd7 {[%emt 0:01:40]} 43. Rg8 {[%emt 0:01:12]} Kc6 {[%emt 0:00:02]} 44. Rd8 {[%emt 0:00:59]} Bd7 {[%emt 0:00:42]} 45. Ke4 {[%emt 0:00:25]} h5 {[%emt 0:00:45]} 46. d5+ {[%emt 0:00:13]} Kc5 {[%emt 0:00:05]} 47. e6 {[%emt 0:01:04]} Bxe6 {[%emt 0:01:42]} 48. dxe6 {[%emt 0:00:08]} Kb4 {[%emt 0:00:14]} 49. Rd7 {[%emt 0:00:18]} Rc6 {[%emt 0:00:48]} 50. Kf5 {[%emt 0:01:00]} Rc2 {[%emt 0:00:16]} 51. Rd4+ $18 {[%emt 0:00:43]} Kxb3 {[%emt 0:00:32]} 52. Bd1 {[%emt 0:01:05]} Kxb2 {[%emt 0:00:16]} 53. Bxc2 {[%emt 0:00:06]} Kxc2 {[%emt 0:00:06]} 54. e7 {[%emt 0:00:15]} 1-0

[Event "Gibraltar Challengers A 2020"]
[Site "Caleta"]
[Date "2020.01.21"]
[Round "3.25"]
[White "Hermes, Geoff R"]
[Black "Vinal Gutierrez, Pedro"]
[Result "0-1"]
[WhiteElo "1832"]
[BlackElo "2069"]
[Annotator "NA RC"]
[PlyCount "34"]
[EventDate "2020.01.20"]
[EventType "swiss"]
[EventCountry "GGB"]
[SourceTitle "playchess.com"]
[Source "ChessBase"]
[SourceQuality "1"]
[TimeControl "6600+10"]

{[%evp 8,34,0,0,32767,32767,32767,32767,32767,22,32767,-3,9,32767,32767,32767,32767,-81,-62,32767,-87,32767,32767,32767,-291,32767,32767,32767,-512]} 1. d4 {[%emt 0:02:59]} d5 {[%emt 0:00:00]} 2. Bf4 {[%emt 0:00:07]} Nf6 {[%emt 0:00:00]} 3. e3 {[%emt 0:00:07]} c5 {[%emt 0:00:07]} 4. Nd2 {[%emt 0:01:24]} Qb6 {[%emt 0:00:55]} 5. dxc5 {[%emt 0:03:26]} Qxc5 {[%emt 0:00:20]} 6. Bd3 {[%emt 0:01:43]} Nc6 {[%emt 0:00:30]} 7. Ngf3 {[%emt 0:02:24]} Bg4 {[%emt 0:01:59]} 8. h3 {[%emt 0:00:42]} Bh5 {[%emt 0:00:15]} 9. Nb3 {[%emt 0:01:49]} Qb6 {[%emt 0:00:30]} 10. g4 {[%emt 0:03:20]} Bg6 {[%emt 0:00:25]} 11. Ne5 {[%emt 0:01:24]} e6 {[%emt 0:07:11]} 12. Bxg6 {[%emt 0:17:53]} (12. Qe2 $11) 12... hxg6 {[%emt 0:00:28]} 13. Qf3 {[%emt 0:01:58]} a5 {[%emt 0:07:27]} 14. Nxf7 {[%emt 0:09:40]} Kxf7 {[%emt 0:00:43]} 15. g5 {[%emt 0:00:07]} a4 {[%emt 0:04:10]} 16. gxf6 {[%emt 0:01:50]} axb3 {[%emt 0:04:20]} 17. Bg5 {[%emt 0:06:16]} Ne5 $19 {[%emt 0:00:41]} (17... Ke8 {[%emt 0:07:59]}) 0-1

[Event "Gibraltar Challengers A 2020"]
[Site "Caleta"]
[Date "2020.01.21"]
[Round "3.26"]
[White "Erdogan, Hassan"]
[Black "Kukic, Boris"]
[Result "1-0"]
[WhiteElo "1830"]
[BlackElo "2056"]
[Annotator "NA RC"]
[PlyCount "74"]
[EventDate "2020.01.20"]
[EventType "swiss"]
[EventCountry "GGB"]
[SourceTitle "playchess.com"]
[Source "ChessBase"]
[SourceQuality "1"]
[TimeControl "6600+10"]

1. d4 {[%emt 0:00:00]} d5 {[%emt 0:00:04]} 2. e3 {[%emt 0:00:27]} Bf5 {[%emt 0:00:32]} 3. Bd3 {[%emt 0:00:19]} Bg6 {[%emt 0:00:22]} 4. Nf3 {[%emt 0:00:27]} e6 {[%emt 0:00:07]} 5. O-O {[%emt 0:01:20]} Nf6 {[%emt 0:00:09]} (5... c6 6. Ne5 Nd7 7. Nxg6 hxg6 8. Nc3 Qh4 9. h3 Ngf6 10. Re1 g5 11. e4 g4 12. exd5 cxd5 {1-0 (74) Jussupow,A (2582)-Moskalenko,A (2522) Katowice 2017}) 6. c3 {[%emt 0:01:31] D02: 1 d4 d5 2 Nf3 sidelines, including 2...Nf6 3 g3 and 2...Nf6 3 Bf4} Bd6 {[%emt 0:00:14]} 7. b3 $146 {[%emt 0:00:29]} ({Predecessor:} 7. Qe2 Nbd7 8. Nbd2 O-O 9. e4 dxe4 10. Nxe4 Be7 11. Nxf6+ Bxf6 12. Bxg6 hxg6 13. h3 {0-1 (47) Dziallas,D (1103)-Lai,H (1664) Verden 2014}) 7... Qe7 {[%emt 0:00:19]} 8. Bb2 {[%emt 0:02:11]} Nbd7 {[%emt 0:00:16]} 9. Qc2 {[%emt 0:04:05]} c6 {[%emt 0:00:18]} (9... e5 $5 {[%cal Re5e4]} 10. Bf5 e4 $15) 10. Nbd2 {[%emt 0:00:21]} Rc8 {[%emt 0:00:57]} 11. Rac1 {[%emt 0:03:05]} a6 {[%emt 0:00:21]} 12. Rfe1 {[%emt 0:05:43]} c5 {[%emt 0:00:34]} 13. Qb1 {[%emt 0:09:34]} O-O {[%emt 0:00:18]} 14. Bxg6 {[%emt 0:01:39]} fxg6 {[%emt 0:01:19]} 15. c4 {[%emt 0:07:31]} e5 {[%emt 0:02:58] [#]} (15... dxc4 $14 16. Nxc4 cxd4) 16. dxe5 $1 {[%emt 0:01:24]} Bxe5 {[%emt 0:00:53]} 17. Nxe5 {[%emt 0:10:04]} Nxe5 {[%emt 0:00:12]} 18. Bxe5 {[%emt 0:14:42]} Qxe5 {[%emt 0:00:19]} 19. Nf3 {[%emt 0:00:01]} Qe6 {[%emt 0:01:14]} 20. cxd5 {[%emt 0:00:07]} Nxd5 {[%emt 0:00:52]} 21. Qb2 {[%emt 0:03:00]} Nb4 {[%emt 0:03:49]} 22. Qe2 {[%emt 0:06:21]} b5 {[%emt 0:01:04]} 23. a3 {[%emt 0:03:28]} Nd5 $11 {[%emt 0:00:17]} 24. Red1 {[%emt 0:09:23]} Nf4 {[%emt 0:01:24]} 25. Qd2 {[%emt 0:00:22]} Nxg2 {[%emt 0:00:58]} 26. Ng5 {[%emt 0:00:29]} Qg4 {[%emt 0:00:41]} 27. Qd5+ {[%emt 0:00:05]} Kh8 {[%emt 0:00:27]} 28. Qxg2 {[%emt 0:00:09]} Qe2 {[%emt 0:00:27]} 29. Rf1 {[%emt 0:01:14]} c4 {[%emt 0:00:42]} 30. bxc4 {[%emt 0:00:58]} bxc4 {[%emt 0:00:17]} 31. Qh3 {[%emt 0:00:24]} h6 {[%emt 0:00:19]} 32. Ne6 {[%emt 0:02:27]} Rfe8 {[%emt 0:00:19]} 33. Nf4 {[%emt 0:00:06]} Qb2 {[%emt 0:00:48]} 34. Nxg6+ {[%emt 0:00:21]} Kg8 {[%emt 0:00:37]} 35. Ne7+ {[%emt 0:00:09]} Rxe7 {[%emt 0:00:13]} 36. Qxc8+ {[%emt 0:00:02]} Kh7 {[%emt 0:00:13]} 37. Rxc4 {[%emt 0:00:29]} Rc7 {[%emt 0:00:26]} 1-0

[Event "Gibraltar Challengers A 2020"]
[Site "Caleta"]
[Date "2020.01.21"]
[Round "3.27"]
[White "Ankitha Goud Palle"]
[Black "Karlsson, Jorgen"]
[Result "1-0"]
[WhiteElo "1761"]
[BlackElo "2054"]
[Annotator "NA RC"]
[PlyCount "83"]
[EventDate "2020.01.20"]
[EventType "swiss"]
[EventCountry "GGB"]
[SourceTitle "playchess.com"]
[Source "ChessBase"]
[SourceQuality "1"]
[TimeControl "6600+10"]

1. Nf3 {[%emt 0:00:00]} g6 {[%emt 0:00:01]} 2. d4 {[%emt 0:00:14]} d6 {[%emt 0:00:08]} 3. c4 {[%emt 0:04:16]} Bg7 {[%emt 0:00:25]} 4. Nc3 {[%emt 0:00:20]} Bg4 {[%emt 0:01:04]} 5. e3 {[%emt 0:00:34]} Nf6 {[%emt 0:01:50]} 6. Be2 {[%emt 0:00:21]} O-O {[%emt 0:01:58]} 7. O-O {[%emt 0:00:11]} Na6 {[%emt 0:01:49] E61: King's Indian: Early deviations for White, including Smyslov System} (7... Nc6 8. d5 Nb8 9. h3 Bd7 10. e4 c6 11. Be3 Na6 12. Nd2 Rc8 13. Rc1 e6 14. dxe6 Bxe6 15. Nf3 Re8 {0-1 (38) Wang,H (2709)-Mamedyarov,S (2799) Huaian 2017}) 8. a3 {[%emt 0:02:09]} c5 {[%emt 0:02:06]} 9. d5 {[%emt 0:00:53]} Nc7 {[%emt 0:04:05]} 10. e4 {[%emt 0:02:06]} a6 {[%emt 0:03:03]} 11. a4 $146 {[%emt 0:01:28]} ({Predecessor:} 11. e5 Nfe8 12. exd6 Nxd6 13. Bf4 Bxf3 14. Bxf3 Nxc4 {0-1 (50) Castro Uceda,J (1558)-Fernandez Garcia,E (1624) Madrid 2016}) 11... b6 {[%emt 0:01:10]} 12. h3 {[%emt 0:00:53]} Bd7 {[%emt 0:03:25]} 13. e5 {[%emt 0:15:31]} dxe5 {[%emt 0:09:49]} 14. Nxe5 {[%emt 0:00:31]} Nfe8 {[%emt 0:01:38]} 15. Bf4 {[%emt 0:03:57]} Nd6 {[%emt 0:00:43]} 16. Bd3 {[%emt 0:02:39]} Nce8 {[%emt 0:13:05]} 17. Re1 {[%emt 0:03:11]} Nf6 {[%emt 0:01:29]} 18. Qd2 {[%emt 0:05:24]} Re8 {[%emt 0:03:53]} 19. Bh6 {[%emt 0:04:02]} Bh8 {[%emt 0:03:00]} 20. Qg5 {[%emt 0:03:55]} Nf5 {[%emt 0:01:33]} 21. Bxf5 {[%emt 0:10:34]} Bxf5 {[%emt 0:00:12]} 22. Re3 {[%emt 0:00:47]} Nh5 {[%emt 0:17:14]} 23. Nc6 {[%emt 0:03:32]} Bf6 {[%emt 0:08:44]} 24. Nxd8 {[%emt 0:02:47]} Bxg5 {[%emt 0:00:08]} 25. Bxg5 {[%emt 0:00:17]} Raxd8 {[%emt 0:03:19]} 26. g4 {[%emt 0:03:08]} f6 {[%emt 0:04:36]} 27. Bh6 {[%emt 0:00:16]} e5 {[%emt 0:02:34]} 28. gxh5 {[%emt 0:07:21]} Kf7 {[%emt 0:00:24]} 29. Rg3 {[%emt 0:01:09]} Rg8 {[%emt 0:03:26]} 30. hxg6+ {[%emt 0:03:11]} Rxg6 {[%emt 0:00:13]} 31. Rxg6 {[%emt 0:00:08]} Kxg6 {[%emt 0:00:16]} 32. Be3 {[%emt 0:00:13]} a5 {[%emt 0:00:29]} 33. f4 {[%emt 0:09:02]} Bxh3 {[%emt 0:01:54]} 34. fxe5 {[%emt 0:01:49]} fxe5 {[%emt 0:00:08]} 35. Ne4 {[%emt 0:01:54]} Bf5 {[%emt 0:00:52]} 36. Nd2 {[%emt 0:00:10]} Bd3 {[%emt 0:02:07]} 37. Kh2 {[%emt 0:01:11]} Rd6 {[%emt 0:06:22]} 38. Rg1+ {[%emt 0:00:19]} Kf7 {[%emt 0:00:22]} 39. Nf3 {[%emt 0:02:42]} Kf6 {[%emt 0:01:08]} 40. Bg5+ {[%emt 0:01:21]} Kf5 {[%emt 0:00:16]} 41. Nh4+ {[%emt 0:00:29]} Ke4 {[%emt 0:00:12]} 42. Rg4# {[%emt 0:00:11]} 1-0